[Event "Rated Blitz game"]
[Site "?"]
[Date "2021.04.18"]
[Round "?"]
[White "M4jestik"]
[Black "Jomajo"]
[Result "0-1"]
[WhiteElo "2447"]
[BlackElo "2608"]
[PlyCount "86"]
[EventDate "2021.??.??"]
[EventType "blitz"]

1. e4 e5 2. Nf3 d5 3. Nc3 d4 4. Ne2 d3 5. cxd3 Nc6 6. Ng3 Bc5 7. d4 Bxd4 8. d3
Bg4 9. Be2 Bxf3 10. Bxf3 Nge7 11. O-O O-O 12. Ne2 Qd6 13. Nxd4 Nxd4 14. Bg4
Rad8 15. f4 f6 16. Kh1 c5 17. b3 Nec6 18. Be3 b6 19. Rc1 Ne6 20. fxe5 Nxe5 21.
Be2 Nd4 22. Bxd4 Qxd4 23. Qd2 Nxd3 24. Bxd3 Qxd3 25. Qf4 Rfe8 26. Rce1 Rd4 27.
Qc7 Rdxe4 28. Rc1 R4e7 29. Qc6 Qd7 30. Qf3 Re3 31. Qf4 R3e4 32. Qf3 Rd4 33. h3
a5 34. Qg3 a4 35. bxa4 Rxa4 36. Rxf6 Qa7 37. Rc6 Ra3 38. Rc3 Rxc3 39. Qxc3 Qb7
40. Qb3+ Kh8 41. Rxb6 Qe4 42. Rb8 Qe1+ 43. Kh2 Qe5+ {Normal} 0-1

[Event "Rated Blitz game"]
[Site "?"]
[Date "2021.04.18"]
[Round "?"]
[White "Tortik2020"]
[Black "Jomajo"]
[Result "1-0"]
[WhiteElo "2632"]
[BlackElo "2623"]
[PlyCount "57"]
[EventDate "2021.??.??"]
[EventType "blitz"]

1. e4 e5 2. Nf3 d5 3. Nxe5 Bd6 4. d4 dxe4 5. Nc4 Nf6 6. Be2 Nc6 7. d5 Ne5 8.
Nxd6+ cxd6 9. h3 O-O 10. c4 Bf5 11. Nc3 h6 12. Be3 a6 13. a4 Rc8 14. b3 Qd7 15.
a5 Nd3+ 16. Bxd3 exd3 17. O-O Bxh3 18. gxh3 Qxh3 19. Bf4 Rfe8 20. Bxd6 Re2 21.
Nxe2 dxe2 22. Qxe2 Re8 23. Qc2 Ne4 24. Bh2 Qf3 25. Rfe1 Re6 26. Rxe4 Rxe4 27.
Qd1 Qh3 28. f3 Rh4 29. Ra2 {Time forfeit} 1-0

[Event "Rated Blitz game"]
[Site "?"]
[Date "2021.04.18"]
[Round "?"]
[White "Shaginyan_A"]
[Black "annaly1979"]
[Result "0-1"]
[WhiteElo "2432"]
[BlackElo "2439"]
[PlyCount "66"]
[EventDate "2021.??.??"]
[EventType "blitz"]

1. e4 e5 2. Nf3 d5 3. Nxe5 Qe7 4. d4 f6 5. Nd3 Nc6 6. Be3 dxe4 7. Nf4 f5 8. Bc4
Nf6 9. c3 Bd7 10. Nd5 Nxd5 11. Bxd5 O-O-O 12. g3 g5 13. Qd2 h6 14. h4 Bg7 15.
Na3 Bf6 16. hxg5 hxg5 17. O-O-O Kb8 18. Nc4 Rdf8 19. Bxc6 Bxc6 20. Ne5 Bxe5 21.
dxe5 Qxe5 22. Rxh8 Qxh8 23. Bxg5 b6 24. Bf4 Kb7 25. Qe3 Qg8 26. Kb1 a5 27. Qd4
a4 28. Qe5 Qf7 29. Rd4 a3 30. Rc4 Qxc4 31. Qxc7+ Ka6 32. Qd6 Qd3+ 33. Kc1 Qxd6
{Normal} 0-1

[Event "Rated Blitz tournament mWMMEDwW"]
[Site "?"]
[Date "2021.04.18"]
[Round "?"]
[White "Mawola"]
[Black "CaroyinixDiscomix"]
[Result "1-0"]
[WhiteElo "2295"]
[BlackElo "2405"]
[PlyCount "93"]
[EventDate "2021.??.??"]
[EventType "blitz"]

1. e4 e5 2. Nf3 d5 3. d4 dxe4 4. Nxe5 Bd6 5. Nc3 Bxe5 6. dxe5 Qxd1+ 7. Kxd1 Nc6
8. Nxe4 Nxe5 9. Bf4 f6 10. Bxe5 fxe5 11. Bd3 Nf6 12. Ke2 Bd7 13. Rad1 O-O-O 14.
f3 Bc6 15. Nxf6 gxf6 16. Be4 Bb5+ 17. Bd3 Bc6 18. Be4 Bb5+ 19. Ke3 a5 20. b3 h5
21. c4 Bd7 22. Rd5 f5 23. Rxa5 Kb8 24. Bc2 f4+ 25. Kf2 Rhg8 26. Rxe5 Bh3 27.
gxh3 Rd2+ 28. Re2 Rg2+ 29. Kxg2 Rxe2+ 30. Kf1 Rxc2 31. Rg1 Rxa2 32. Rg5 Rxh2
33. Rxh5 Ka7 34. Rh4 Kb6 35. Rxf4 Rxh3 36. Ke2 Kc5 37. Rf5+ Kb4 38. Rb5+ Kc3
39. Rxb7 c5 40. Ke3 Rh8 41. Rb5 Re8+ 42. Kf4 Kd4 43. Kg5 Rf8 44. f4 Ke4 45.
Rxc5 Rg8+ 46. Kf6 Kxf4 47. Rf5+ {Time forfeit} 1-0

[Event "Rated Blitz game"]
[Site "?"]
[Date "2021.04.18"]
[Round "?"]
[White "proudbully"]
[Black "anjaya01"]
[Result "1-0"]
[WhiteElo "2344"]
[BlackElo "2425"]
[PlyCount "57"]
[EventDate "2021.??.??"]
[EventType "blitz"]

1. e4 e5 2. Nf3 d5 3. d4 Bd6 4. dxe5 dxe4 5. exd6 exf3 6. dxc7 Qxd1+ 7. Kxd1
Na6 8. Bf4 Nf6 9. Bb5+ Ke7 10. Re1+ Be6 11. gxf3 Rac8 12. Bxa6 bxa6 13. Nc3 h6
14. Ke2 g5 15. Bg3 Nh5 16. Kf1 Rhe8 17. Rad1 Kf6 18. Bd6 Kg6 19. Nd5 Ng7 20.
Ne7+ Rxe7 21. Bxe7 Rxc7 22. Bf8 Rxc2 23. Bxg7 Kxg7 24. Rb1 Kf6 25. Rec1 Rd2 26.
Ke1 Rd3 27. Ke2 Rd4 28. Ke3 Re4+ 29. fxe4 {Normal} 1-0

[Event "Rated Blitz tournament jOCkETW0"]
[Site "?"]
[Date "2021.04.18"]
[Round "?"]
[White "verybadplayer777"]
[Black "dr_xStranger"]
[Result "1-0"]
[WhiteElo "2416"]
[BlackElo "2536"]
[PlyCount "125"]
[EventDate "2021.??.??"]
[EventType "blitz"]

1. e4 e5 2. Nf3 d5 3. exd5 e4 4. Ne5 Qxd5 5. d4 exd3 6. Nxd3 Nf6 7. Nc3 Qd8 8.
Be2 Be7 9. Be3 O-O 10. Bf3 Re8 11. h3 Nc6 12. Qd2 Bf5 13. O-O Bd6 14. Rad1 Qd7
15. Bf4 Bxd3 16. Qxd3 Rad8 17. Bxd6 cxd6 18. Bxc6 Qxc6 19. Rfe1 d5 20. Rxe8+
Qxe8 21. Ne2 h6 22. c3 Rc8 23. Nd4 Qe4 24. f3 Qxd3 25. Rxd3 Re8 26. Kf2 a6 27.
Re3 Rb8 28. Re7 Kf8 29. Rc7 Ne8 30. Rd7 Nf6 31. Rc7 a5 32. Nf5 Ne8 33. Rd7 Nf6
34. Rc7 Ne8 35. Rc5 Nf6 36. Rxa5 g6 37. Nxh6 b6 38. Ra7 Kg7 39. Rxf7+ Kxh6 40.
Rxf6 Kg5 41. Rd6 b5 42. Rxd5+ Kf6 43. g4 b4 44. cxb4 Rxb4 45. b3 Rb8 46. Kg3
Ra8 47. a4 Rb8 48. Rb5 Rd8 49. h4 Rd1 50. a5 Rg1+ 51. Kf4 Ra1 52. b4 Ra4 53.
Rb6+ Kf7 54. a6 Ra3 55. Kg3 Ra4 56. b5 Ke7 57. Rb7+ Kf6 58. a7 g5 59. hxg5+
Kxg5 60. b6 Ra1 61. Rb8 Rg1+ 62. Kf2 Ra1 63. a8=Q {Normal} 1-0

[Event "Rated Blitz tournament jOCkETW0"]
[Site "?"]
[Date "2021.04.18"]
[Round "?"]
[White "GuncelSatranc_YT"]
[Black "dr_xStranger"]
[Result "0-1"]
[WhiteElo "2229"]
[BlackElo "2520"]
[PlyCount "106"]
[EventDate "2021.??.??"]
[EventType "blitz"]

1. e4 e5 2. Nf3 d5 3. exd5 e4 4. Qe2 Nf6 5. Nc3 Be7 6. Nd4 O-O 7. g3 Bg4 8. Qe3
Nxd5 9. Nxd5 Qxd5 10. Bg2 Bc5 11. c3 Nc6 12. O-O Rfe8 13. Qf4 h5 14. Nxc6 Qxc6
15. Re1 Rad8 16. Rxe4 Rxe4 17. Qxe4 Qd7 18. d4 Bd6 19. Bf4 Re8 20. Qxb7 Bxf4
21. gxf4 Re7 22. Qa8+ Kh7 23. Qc6 Qf5 24. Qc5 Qxc5 25. dxc5 Re2 26. b4 Bf5 27.
a4 Rc2 28. b5 Rxc3 29. c6 Rc4 30. a5 Rc5 31. Bf1 Kg6 32. Rd1 Kf6 33. Rd8 Ke7
34. Ra8 Be4 35. f3 Bxf3 36. Rxa7 Kd6 37. Kf2 Bg4 38. Bg2 Rc2+ 39. Kg3 Be6 40.
b6 h4+ 41. Kxh4 cxb6 42. Be4 Rxh2+ 43. Kg3 Rh3+ 44. Kg2 bxa5 45. c7 Rc3 46. Bb7
Rxc7 47. Ra6+ Kd7 48. Rxa5 Ke7 49. Bd5 Rc2+ 50. Kg3 Bxd5 51. Kh4 Rc6 52. Kg5
Rh6 53. Kg4 Rg6+ {Time forfeit} 0-1

[Event "Rated Blitz game"]
[Site "?"]
[Date "2021.04.18"]
[Round "?"]
[White "Itrak"]
[Black "anjaya01"]
[Result "1-0"]
[WhiteElo "2374"]
[BlackElo "2404"]
[PlyCount "76"]
[EventDate "2021.??.??"]
[EventType "blitz"]

1. e4 e5 2. Nf3 d5 3. exd5 Bd6 4. Nc3 f5 5. d3 Nf6 6. Bg5 h6 7. Bxf6 Qxf6 8. g3
a6 9. Bg2 b5 10. O-O Nd7 11. Re1 O-O 12. Ne2 g5 13. c4 bxc4 14. dxc4 Rb8 15. b3
a5 16. Nc3 Bc5 17. Na4 Ba7 18. c5 e4 19. Nd4 Nxc5 20. Nc6 Nxa4 21. bxa4 Bd7 22.
Nxa7 Rb2 23. Nc6 Bxc6 24. dxc6 Qxc6 25. Rc1 Qb7 26. Qd7 Rf7 27. Qe8+ Kg7 28.
Qe5+ Kg6 29. g4 Qb6 30. gxf5+ Rxf5 31. Qxe4 Qxf2+ 32. Kh1 Rxa2 33. Rf1 Qxg2+
34. Qxg2 Rxg2 35. Kxg2 Rd5 36. Rc6+ Kh5 37. Rxc7 Rd4 38. Ra1 Kg4 {Normal} 1-0

[Event "Rated Blitz game"]
[Site "?"]
[Date "2021.04.18"]
[Round "?"]
[White "calito1969"]
[Black "DarthZannah"]
[Result "0-1"]
[WhiteElo "2546"]
[BlackElo "2481"]
[PlyCount "52"]
[EventDate "2021.??.??"]
[EventType "blitz"]

1. e4 e5 2. Nf3 d5 3. exd5 e4 4. Qe2 Nf6 5. Nc3 Be7 6. Nxe4 O-O 7. d3 Qxd5 8.
Bd2 Nc6 9. g3 Bg4 10. Bc3 Qh5 11. Bg2 Nd5 12. h3 Nxc3 13. bxc3 Bd7 14. Nd4 Qa5
15. Nb3 Qa3 16. O-O Rfe8 17. Qh5 a5 18. Ng5 Bxg5 19. Qxg5 a4 20. Nd4 Qxc3 21.
Nb5 Qa5 22. Bd5 Re5 23. Bxf7+ Kxf7 24. Qf4+ Rf5 25. Qxc7 Qxc7 26. Nxc7 Rc8 {
Normal} 0-1

[Event "Rated Blitz game"]
[Site "?"]
[Date "2021.04.18"]
[Round "?"]
[White "tacticalC"]
[Black "Jomajo"]
[Result "0-1"]
[WhiteElo "2636"]
[BlackElo "2620"]
[PlyCount "40"]
[EventDate "2021.??.??"]
[EventType "blitz"]

1. e4 e5 2. Nf3 d5 3. d4 dxe4 4. Nxe5 Bd6 5. Bf4 Ne7 6. Nc3 f6 7. Bc4 fxe5 8.
dxe5 Bb4 9. Qh5+ Ng6 10. O-O Bxc3 11. bxc3 Qh4 12. Qxh4 Nxh4 13. Rfe1 Bf5 14.
h3 Nc6 15. Bg5 Nxe5 16. Bb3 Nhf3+ 17. gxf3 Nxf3+ 18. Kg2 Nxg5 19. h4 Nf3 20.
Re3 O-O-O {Normal} 0-1

[Event "Rated Blitz game"]
[Site "?"]
[Date "2021.04.18"]
[Round "?"]
[White "ChessFellowNL"]
[Black "Maltinho"]
[Result "1/2-1/2"]
[WhiteElo "2725"]
[BlackElo "2612"]
[PlyCount "124"]
[EventDate "2021.??.??"]
[EventType "blitz"]

1. e4 e5 2. Nf3 d5 3. exd5 Bd6 4. d4 e4 5. Nfd2 Nf6 6. c4 c5 7. Nb3 Nbd7 8. Nc3
O-O 9. Be2 cxd4 10. Nxd4 Ne5 11. Bg5 Re8 12. O-O Ng6 13. Rc1 h6 14. Be3 a6 15.
a3 Qe7 16. b4 Qe5 17. g3 Bh3 18. c5 Bxf1 19. Bxf1 Bf8 20. d6 h5 21. Bg2 h4 22.
Qe2 hxg3 23. hxg3 Nd5 24. Nxd5 Qxd5 25. Rd1 Qe5 26. Qg4 Rad8 27. Qf5 Qxf5 28.
Nxf5 Ne5 29. Bxe4 Nc4 30. Bxb7 g6 31. Bxa6 Nxa3 32. Nh6+ Kg7 33. Ng4 Nc2 34.
Bg5 Nxb4 35. Bxd8 Nxa6 36. Bf6+ Kg8 37. d7 Ra8 38. d8=Q Rxd8 39. Rxd8 Nxc5 40.
Be7 Ne6 41. Rc8 Kg7 42. Bxf8+ Nxf8 43. Kg2 Ne6 44. Rc4 Ng5 45. Ne3 Ne6 46. Kf3
Kf6 47. Ke2 Ng5 48. Ra4 Ne6 49. Ra6 Ke7 50. Ng4 f5 51. Ne5 g5 52. Ng6+ Kf6 53.
Nh8 Ke7 54. Rxe6+ Kxe6 55. f4 Kf6 56. fxg5+ Kxg5 57. Kf3 f4 58. gxf4+ Kf5 59.
Kg3 Kf6 60. Kf3 Ke7 61. Kg3 Kf8 62. Kf3 Ke7 {Time forfeit} 1/2-1/2

[Event "Rated Blitz game"]
[Site "?"]
[Date "2021.04.18"]
[Round "?"]
[White "jole99"]
[Black "anjaya01"]
[Result "0-1"]
[WhiteElo "2274"]
[BlackElo "2410"]
[PlyCount "51"]
[EventDate "2021.??.??"]
[EventType "blitz"]

1. e4 e5 2. Nf3 d5 3. exd5 Bd6 4. Nc3 f5 5. d4 e4 6. Ne5 a6 7. Be2 Nf6 8. Bg5
h6 9. Bxf6 Qxf6 10. Bh5+ Kf8 11. Ng6+ Kg8 12. Nxh8 Kxh8 13. Qd2 b5 14. O-O-O
Nd7 15. Rde1 b4 16. Ne2 f4 17. Bg4 Nb6 18. Bxc8 Rxc8 19. b3 Nxd5 20. f3 e3 21.
Qd3 a5 22. g3 c5 23. gxf4 Nxf4 24. Qxe3 cxd4 25. Qe4 d3 26. Nxf4 {Normal} 0-1

[Event "Rated Blitz game"]
[Site "?"]
[Date "2021.04.18"]
[Round "?"]
[White "Pfeiffenkopf"]
[Black "annaly1979"]
[Result "0-1"]
[WhiteElo "2261"]
[BlackElo "2432"]
[PlyCount "24"]
[EventDate "2021.??.??"]
[EventType "blitz"]

1. e4 e5 2. Nf3 d5 3. exd5 e4 4. Nd4 c5 5. dxc6 Qxd4 6. cxb7 Bxb7 7. Nc3 Nf6 8.
Nb5 Qb6 9. d3 Bc5 10. d4 Be7 11. Bf4 Na6 12. Nd6+ Bxd6 {Normal} 0-1

[Event "Rated Blitz tournament jOCkETW0"]
[Site "?"]
[Date "2021.04.18"]
[Round "?"]
[White "Anonymous_Warrior"]
[Black "babageldi2277"]
[Result "0-1"]
[WhiteElo "2403"]
[BlackElo "2655"]
[PlyCount "32"]
[EventDate "2021.??.??"]
[EventType "blitz"]

1. e4 e5 2. Nf3 d5 3. exd5 e4 4. Qe2 Be7 5. Qxe4 Nf6 6. Qe2 Nxd5 7. d3 O-O 8.
Nc3 Bb4 9. Kd2 Re8 10. Qd1 Qf6 11. d4 Qh6+ 12. Kd3 Bf5+ 13. Kc4 Qc6+ 14. Kb3
Nxc3 15. Ne5 Qa4+ 16. Kc4 b5# {Normal} 0-1

[Event "Rated Blitz game"]
[Site "?"]
[Date "2021.04.18"]
[Round "?"]
[White "JoeFr"]
[Black "annaly1979"]
[Result "1-0"]
[WhiteElo "2590"]
[BlackElo "2437"]
[PlyCount "59"]
[EventDate "2021.??.??"]
[EventType "blitz"]

1. e4 e5 2. Nf3 d5 3. exd5 e4 4. Qe2 f5 5. d3 Nf6 6. Nc3 Bb4 7. dxe4 Bxc3+ 8.
bxc3 fxe4 9. Ng5 O-O 10. c4 c6 11. g3 cxd5 12. Bg2 Bg4 13. Qe3 d4 14. Qb3 e3
15. O-O Nc6 16. fxe3 Qa5 17. c5+ Kh8 18. Nf7+ Rxf7 19. Qxf7 Qxc5 20. Bb2 Rf8
21. Qb3 dxe3 22. Kh1 e2 23. Rfe1 Nd4 24. Bxd4 Qxd4 25. h3 Bh5 26. g4 Bg6 27. c3
Qf2 28. Qc4 Re8 29. Qd4 Be4 30. Qxf2 {Normal} 1-0

[Event "Rated Blitz game"]
[Site "?"]
[Date "2021.04.18"]
[Round "?"]
[White "chechereche"]
[Black "artsportscience"]
[Result "1-0"]
[WhiteElo "2486"]
[BlackElo "2366"]
[PlyCount "107"]
[EventDate "2021.??.??"]
[EventType "blitz"]

1. e4 e5 2. Nf3 d5 3. exd5 e4 4. Qe2 Nf6 5. d3 Qxd5 6. Nc3 Bb4 7. Bd2 Bxc3 8.
Bxc3 O-O 9. dxe4 Nxe4 10. Rd1 Nxc3 11. Rxd5 Nxe2 12. Bxe2 Be6 13. Rd2 Nc6 14.
O-O Rad8 15. Rfd1 Rxd2 16. Rxd2 Rd8 17. Rxd8+ Nxd8 18. b3 Nc6 19. a3 Kf8 20.
Kf1 Ke7 21. Bd3 h6 22. Ke1 Kd6 23. Kd2 Bd5 24. Ne1 Ne5 25. Be2 b6 26. c4 Be6
27. f4 Nc6 28. Kc3 g5 29. Nd3 Bf5 30. g3 Bxd3 31. Bxd3 gxf4 32. gxf4 Ne7 33.
Kd4 Ng6 34. Ke4 Ne7 35. f5 Nc6 36. h4 f6 37. Be2 Ne5 38. Bh5 a5 39. Be2 Kc5 40.
Bf1 Nc6 41. Bd3 Nd4 42. b4+ axb4 43. axb4+ Kxb4 44. Kxd4 c6 45. Be4 b5 46. Bxc6
bxc4 47. Be4 c3 48. Kd5 Kb3 49. Ke6 Kc4 50. Kxf6 Kd4 51. Bc2 Ke3 52. Kg6 Kd2
53. Ba4 c2 54. Bxc2 {Normal} 1-0

[Event "Rated Blitz tournament Qo23ascG"]
[Site "?"]
[Date "2021.04.18"]
[Round "?"]
[White "Cyber_tamizhan"]
[Black "Maltinho"]
[Result "1-0"]
[WhiteElo "2239"]
[BlackElo "2613"]
[PlyCount "127"]
[EventDate "2021.??.??"]
[EventType "blitz"]

1. e4 e5 2. Nf3 d5 3. Nxe5 Bd6 4. d4 dxe4 5. Nc3 Bxe5 6. dxe5 Qxd1+ 7. Nxd1 Nc6
8. Nc3 Bf5 9. Bf4 Nge7 10. Bb5 O-O-O 11. O-O Nd4 12. Bc4 Bg6 13. Bb3 Nec6 14.
Rfe1 Nxb3 15. axb3 Rd4 16. Re2 a6 17. Rae1 Nb4 18. h3 Rhd8 19. Be3 R4d7 20. Bc5
Nc6 21. Nxe4 Nxe5 22. f4 Nc6 23. g4 f5 24. Ng5 Rd1 25. Kf2 Rxe1 26. Kxe1 b6 27.
Ba3 fxg4 28. hxg4 Nd4 29. Re7 Nxc2+ 30. Kf2 Rd2+ 31. Kg3 Rd3+ 32. Kf2 Rd2+ 33.
Kg3 Rd3+ 34. Kf2 Nxa3 35. bxa3 h6 36. Ne6 Be4 37. Rxc7+ Kb8 38. Rxg7 Bd5 39.
Rg8+ Kb7 40. Rg7+ Kb8 41. f5 Rxb3 42. Rg8+ Kb7 43. Rg7+ Kc6 44. Nd8+ Kc5 45.
Rg6 Rf3+ 46. Ke2 h5 47. Ne6+ Bxe6 48. Kxf3 hxg4+ 49. Kxg4 Bd5 50. f6 Bc4 51.
Kf4 Be2 52. f7 Bd3 53. f8=Q+ Kc4 54. Re6 Kc3 55. Qf6+ Kc4 56. Qe5 Kb3 57. Qe4
Bc4 58. Rd6 b5 59. Rd4 a5 60. Qe3+ Ka4 61. Qe4 b4 62. Qe3 b3 63. Rxc4+ Kb5 64.
Qe4 {Time forfeit} 1-0

[Event "Rated Blitz game"]
[Site "?"]
[Date "2021.04.18"]
[Round "?"]
[White "mabumba"]
[Black "magos33"]
[Result "1-0"]
[WhiteElo "2453"]
[BlackElo "2386"]
[PlyCount "141"]
[EventDate "2021.??.??"]
[EventType "blitz"]

1. e4 e5 2. Nf3 d5 3. exd5 e4 4. Ne5 Qxd5 5. d4 exd3 6. Nxd3 Nf6 7. Nc3 Qa5 8.
Bd2 c6 9. Be2 Qc7 10. O-O Bd6 11. h3 O-O 12. Re1 Bf5 13. Bg5 Nbd7 14. Bf1 h6
15. Bh4 Rfe8 16. Qf3 Bg6 17. Rxe8+ Rxe8 18. Re1 Rxe1 19. Nxe1 Ne5 20. Qe3 Nd5
21. Nxd5 cxd5 22. Bg3 Nc4 23. Qe8+ Kh7 24. Bxd6 Qxd6 25. Nd3 Nd2 26. Be2 Ne4
27. Qe5 Qc6 28. c3 Nf6 29. Nf4 Be4 30. f3 Bb1 31. b3 a5 32. Qd4 b6 33. Bd3+
Bxd3 34. Nxd3 Qe6 35. Kf2 Nd7 36. Nf4 Qd6 37. Nxd5 Nc5 38. c4 Qg6 39. Ne3 Qb1
40. Qd2 a4 41. b4 Na6 42. a3 Qb3 43. Qc2+ Qxc2+ 44. Nxc2 Kg6 45. Ke3 Kf5 46.
Kd4 Kf4 47. Ne3 Kg3 48. Nd5 Kxg2 49. Nxb6 Kxh3 50. b5 Nc7 51. Nd5 Ne6+ 52. Ke5
Kg2 53. b6 Nd8 54. c5 h5 55. Ne7 h4 56. c6 h3 57. c7 Ne6 58. c8=Q h2 59. Qc2+
Kg1 60. Qxh2+ Kxh2 61. b7 Nc5 62. b8=Q Nd7+ 63. Kf5+ Nxb8 64. Nd5 Na6 65. Nc3
Nc5 66. Kg4 Kg2 67. f4 Kf2 68. Nd5 Ke2 69. Nb6 Kd3 70. Nd7 Kc4 71. Nxc5 {
Time forfeit} 1-0

[Event "Rated Blitz game"]
[Site "?"]
[Date "2021.04.18"]
[Round "?"]
[White "Udemzo"]
[Black "anjaya01"]
[Result "1/2-1/2"]
[WhiteElo "2430"]
[BlackElo "2427"]
[PlyCount "110"]
[EventDate "2021.??.??"]
[EventType "blitz"]

1. e4 e5 2. Nf3 d5 3. exd5 Bd6 4. Bb5+ Kf8 5. d3 f5 6. O-O Nf6 7. Re1 a6 8. Bc4
b5 9. Bb3 Nbd7 10. c4 b4 11. Nbd2 a5 12. Ng5 Nc5 13. Ndf3 Qe8 14. Bc2 h6 15. d4
hxg5 16. dxe5 Qh5 17. exd6 cxd6 18. Bxg5 Nfe4 19. Bf4 g5 20. Bxe4 Nxe4 21. Rxe4
fxe4 22. Bxd6+ Kg8 23. Nd4 Qxd1+ 24. Rxd1 Ba6 25. c5 Bc4 26. Nf5 Bxa2 27. Be5
Rh7 28. c6 Bb3 29. Rd2 a4 30. d6 Be6 31. Ng3 a3 32. bxa3 bxa3 33. d7 Bxd7 34.
cxd7 Rd8 35. Nxe4 Rhxd7 36. Nf6+ Kf7 37. Rxd7+ Ke6 38. Rxd8 Kxe5 39. Ra8 a2 40.
Rxa2 Kxf6 41. Ra4 Kg6 42. Ra5 Kf6 43. g4 Kg6 44. h4 gxh4 45. Kg2 Kh6 46. Kh3
Kg6 47. Kxh4 Kh6 48. f4 Kg6 49. f5+ Kg7 50. Ra6 Kf7 51. g5 Ke7 52. Kh5 Kd7 53.
g6 Kc7 54. g7 Kb7 55. Re6 Kc7 {Time forfeit} 1/2-1/2

[Event "Rated Blitz game"]
[Site "?"]
[Date "2021.04.18"]
[Round "?"]
[White "maciejos95"]
[Black "annaly1979"]
[Result "0-1"]
[WhiteElo "2429"]
[BlackElo "2433"]
[PlyCount "80"]
[EventDate "2021.??.??"]
[EventType "blitz"]

1. e4 e5 2. Nf3 d5 3. exd5 e4 4. Qe2 f5 5. d3 Nf6 6. dxe4 fxe4 7. Nc3 Bb4 8.
Bd2 Bxc3 9. Bxc3 O-O 10. Nd2 Nxd5 11. Nxe4 Re8 12. O-O-O c6 13. Qd3 Bf5 14.
Nf6+ Qxf6 15. Qg3 Qg6 16. Qxg6 Bxg6 17. Bc4 Nd7 18. Bxd5+ cxd5 19. Rxd5 Nb6 20.
Rd2 Na4 21. Bd4 Rac8 22. Rhd1 b6 23. c3 Nc5 24. Bxc5 Rxc5 25. Rd8 Rce5 26.
Rxe8+ Rxe8 27. Rd7 Re2 28. Rxa7 Rxf2 29. Rb7 Rxg2 30. Rxb6 Rxh2 31. a4 Be4 32.
a5 h5 33. a6 h4 34. a7 h3 35. Rb4 Bg2 36. Rb8+ Kh7 37. b4 Rh1+ 38. Kb2 h2 39.
a8=Q Bxa8 40. Rxa8 Rg1 {Normal} 0-1

[Event "Rated Blitz tournament cduVIQ9q"]
[Site "?"]
[Date "2021.04.18"]
[Round "?"]
[White "Alkarv"]
[Black "DonCroccante"]
[Result "1-0"]
[WhiteElo "2263"]
[BlackElo "2413"]
[PlyCount "101"]
[EventDate "2021.??.??"]
[EventType "blitz"]

1. e4 e5 2. Nf3 d5 3. d4 dxe4 4. Nxe5 Bd6 5. Qh5 Qe7 6. Bc4 Bxe5 7. Qxe5 Qxe5
8. dxe5 Nc6 9. Bf4 Bf5 10. O-O Nge7 11. Nc3 Ng6 12. g3 Nxf4 13. gxf4 O-O 14.
Nd5 Nd4 15. c3 Nf3+ 16. Kg2 h5 17. Ne7+ Kh7 18. Nxf5 Nd2 19. Bd5 Nxf1 20. Kxf1
g6 21. Nd4 c5 22. Nb5 Rad8 23. Nd6 f5 24. Bxb7 Kh6 25. Bd5 g5 26. Nf7+ Rxf7 27.
fxg5+ Kg7 28. Bxf7 Kxf7 29. Ke2 Ke6 30. Rd1 Rxd1 31. Kxd1 Kxe5 32. Ke2 h4 33.
f3 exf3+ 34. Kxf3 a5 35. b3 h3 36. a3 f4 37. g6 Kf6 38. Kxf4 Kxg6 39. Kg3 Kf5
40. Kxh3 Ke4 41. Kg4 Kd3 42. h4 Kxc3 43. h5 Kxb3 44. h6 Kxa3 45. h7 Ka2 46.
h8=Q a4 47. Qc3 a3 48. Kf4 c4 49. Ke3 Kb1 50. Kd2 a2 51. Qc1# {Normal} 1-0

[Event "Rated Blitz tournament jOCkETW0"]
[Site "?"]
[Date "2021.04.18"]
[Round "?"]
[White "verybadplayer777"]
[Black "PVP_MACTEP"]
[Result "1/2-1/2"]
[WhiteElo "2413"]
[BlackElo "2399"]
[PlyCount "140"]
[EventDate "2021.??.??"]
[EventType "blitz"]

1. e4 e5 2. Nf3 d5 3. exd5 e4 4. Ne5 Qxd5 5. d4 exd3 6. Nxd3 Nc6 7. Nc3 Qa5 8.
Be2 Nf6 9. Be3 Bd6 10. h3 O-O 11. O-O Re8 12. Bf3 Bf5 13. Qd2 Rad8 14. Rfe1 Be5
15. Bxc6 bxc6 16. Rad1 c5 17. Bg5 c4 18. Bxf6 cxd3 19. Bxd8 dxc2 20. Rc1 Re6
21. Bh4 h6 22. Rxc2 Bxc2 23. Qxc2 Bh2+ 24. Kf1 Qa6+ 25. Re2 Be5 26. Kg1 Qb6 27.
Kh1 a5 28. Bg3 Bd4 29. Rxe6 Qxe6 30. Kh2 c5 31. Qe4 Qf6 32. Qa8+ Kh7 33. Qe4+
g6 34. Nd5 Qc6 35. b3 h5 36. Be5 Qe6 37. Bxd4 Qxe4 38. Nf6+ Kg7 39. Nxe4+ cxd4
40. Kg3 f5 41. Kf3 Kf7 42. Nd2 Ke6 43. Ke2 Kd5 44. Kd3 a4 45. Nf3 axb3 46. axb3
Ke6 47. Nxd4+ Kf6 48. b4 g5 49. b5 g4 50. b6 Kg5 51. b7 f4 52. hxg4 f3 53. gxf3
h4 54. b8=Q h3 55. Qh2 Kh4 56. Qg3+ Kg5 57. Qxh3 Kg6 58. Qh5+ Kf6 59. f4 Kg7
60. g5 Kf8 61. g6 Ke7 62. Qh7+ Kd6 63. g7 Kd5 64. g8=Q+ Kc5 65. Qgg6 Kb4 66.
Qhh5 Ka4 67. Qgg4 Kb4 68. Qhh3 Ka4 69. Qgg3 Kb4 70. Qf1 Ka3 {Time forfeit}
1/2-1/2

[Event "Rated Blitz game"]
[Site "?"]
[Date "2021.04.18"]
[Round "?"]
[White "Lex6699"]
[Black "JellalFernandes"]
[Result "1/2-1/2"]
[WhiteElo "2475"]
[BlackElo "2566"]
[PlyCount "147"]
[EventDate "2021.??.??"]
[EventType "blitz"]

1. e4 e5 2. Nf3 d5 3. exd5 Bd6 4. Nc3 Nf6 5. d4 e4 6. Ne5 Nbd7 7. Bf4 O-O 8.
Be2 Re8 9. O-O Nxe5 10. dxe5 Bxe5 11. Bxe5 Rxe5 12. Qd4 Qd6 13. Nb5 Qxd5 14.
Qxd5 Nxd5 15. c4 Nf4 16. Rfe1 c6 17. Nc3 Nxe2+ 18. Rxe2 Bf5 19. Rae1 Rae8 20.
f3 e3 21. Nd1 Bd3 22. Rxe3 Rxe3 23. Rxe3 Rxe3 24. Nxe3 Kf8 25. c5 Ke7 26. f4 f6
27. b4 Ke6 28. Kf2 g5 29. g3 b6 30. Ke1 bxc5 31. bxc5 Be4 32. Kd2 h5 33. h4
gxh4 34. gxh4 Bf3 35. Kc3 Be4 36. Kd4 Bf3 37. f5+ Ke7 38. Nc4 Bd5 39. Na5 Bg2
40. a3 Kd7 41. Nc4 Bh3 42. Ke4 Bg2+ 43. Kf4 Bd5 44. Ne3 Bb3 45. Nf1 Bd1 46. Ng3
Ke7 47. Ne4 Bc2 48. Nd6 Bd1 49. Nc8+ Kd8 50. Nxa7 Kc7 51. Ke4 Kb7 52. Nxc6 Kxc6
53. Kf4 Bg4 54. Ke4 Kxc5 55. Kf4 Kb5 56. Ke4 Ka4 57. Kf4 Kxa3 58. Ke4 Kb4 59.
Kd4 Bxf5 60. Kd5 Bg4 61. Ke4 Kc3 62. Kf4 Kd2 63. Ke4 Ke2 64. Kf4 Kf2 65. Ke4
Kg2 66. Kf4 Kh3 67. Ke3 Kxh4 68. Kf4 Kh3 69. Ke3 Kg3 70. Ke4 h4 71. Kd5 h3 72.
Kd6 h2 73. Ke7 h1=Q 74. Kf7 {Time forfeit} 1/2-1/2

[Event "Rated Blitz tournament Ms8ipOxp"]
[Site "?"]
[Date "2021.04.18"]
[Round "?"]
[White "Saparmyrat"]
[Black "opperwezen"]
[Result "0-1"]
[WhiteElo "2649"]
[BlackElo "2794"]
[PlyCount "84"]
[EventDate "2021.??.??"]
[EventType "blitz"]

1. e4 e5 2. Nf3 d5 3. Nxe5 Bd6 4. d4 dxe4 5. Nc4 Nf6 6. Nxd6+ Qxd6 7. Bg5 Nc6
8. Nc3 O-O 9. d5 Ne7 10. Bc4 Re8 11. Qd2 Ng6 12. O-O-O h6 13. Nb5 Qc5 14. Bxf6
Qxc4 15. Qd4 Qxb5 16. Bxg7 Qb6 17. Qc3 Kh7 18. h4 Nf4 19. Kb1 Ne2 20. Qc4 Kxg7
21. Qxe2 Bd7 22. g4 Bb5 23. Qe1 Rad8 24. g5 h5 25. Qc3+ Kg8 26. Rhg1 Rd6 27. f4
e3 28. f5 e2 29. Rde1 Rxd5 30. a4 Qxg1 31. Rxg1 Rd1+ 32. Ka2 Rxg1 33. g6 e1=Q
34. gxf7+ Kxf7 35. Qb3+ Kf6 36. Qxb5 Qa1+ 37. Kb3 Re3+ 38. c3 Qd1+ 39. Ka2 Qb1+
40. Kb3 Rg2 41. Qd7 Qxb2+ 42. Kc4 Qxc3+ {Normal} 0-1

[Event "Rated Rapid game"]
[Site "?"]
[Date "2021.04.18"]
[Round "?"]
[White "Prettyfishy"]
[Black "Melladov"]
[Result "0-1"]
[WhiteElo "2681"]
[BlackElo "2710"]
[PlyCount "72"]
[EventDate "2021.??.??"]
[EventType "rapid"]

1. e4 e5 2. Nf3 d5 3. Nxe5 Bd6 4. d4 dxe4 5. Nc4 Nf6 6. Be2 O-O 7. O-O Nc6 8.
Nxd6 Qxd6 9. c3 Re8 10. Na3 Bf5 11. Nc4 Qd7 12. Bg5 Nd5 13. Ne3 h6 14. Bh4 Nf4
15. Bb5 g5 16. Bg3 Rad8 17. f3 exf3 18. Bxc6 Ne2+ 19. Kf2 bxc6 20. gxf3 Nxg3
21. hxg3 Be6 22. Rh1 Kg7 23. Qc2 Qd6 24. Rae1 c5 25. d5 Bd7 26. c4 Qf6 27. Rh2
Rb8 28. b3 Re7 29. Qd2 Rbe8 30. Nc2 Qb2 31. Rxe7 Rxe7 32. g4 Qe5 33. Kg1 f5 34.
gxf5 Bxf5 35. Kf1 Bxc2 36. Qxc2 Qe1+ {Normal} 0-1